00246 a2200073 4500245004200000260003900042999001700081952007400098 aLegal Principles in Shipping Business bInstitute of Chartered Shipbrokers c32174d32174 00102ddc40708NFICaCLbCLd2025-12-18r2025-12-18w2025-12-18yBK